000 01178nam a2200289 i 4500
001 186959
003 SpMaBN
005 20230906222801.0
008 170309s1971 sp |||| | spa d
080 _a946.211"10/12"(093.2)
080 _a726.75(460.181 Ponf.)S. Pedro Montes(093.2)
100 1 _aQuintana Prieto, Augusto.
_994694
245 1 0 _aTumbo viejo de San Pedro de Montes /
_cAugusto Quintana Prieto.
260 _aLeón :
_bCentro de Estudios e Investigación "San Isidoro" :
_bArchivo Histórico Diocesano,
_c1971.
300 _a657 p. ;
_c24 cm.
490 1 _aFuentes y estudios de historia leonesa ;
_v5
500 _aÍndices.
596 _aEn contracub.: Patronato "José María Quadrado"
598 _aCol. patrocinada y dir. por Archivo Histórico Diocesano de León.
610 2 7 _aMonasterio de San Pedro de Montes-
_vHistoria.
_9162017
651 7 _aLeón-
_xHistoria-
_yS.V-XV.
_9162018
710 2 _aCentro de Estudios e Investigación "San Isidoro"
_9134242
710 2 _aArchivo Histórico Diocesano de León.
_9144237
830 0 _aFuentes y estudios de historia leonesa ;
_v5
_9192719
852 _aES-MaACL
_jL-31201
999 _c186959
_d186959